000 00766cab a2200205 4500
001 WB2837-65
008 090401t1992 xxu||||| |||| 00| 0 eng d
035 _a(Sirsi) u19533
041 _aeng
245 _aEnforcement regime
260 _c1992
350 _a0
490 _aScottish Office Information Directorate
_v(1348/92) 17 September 1992 (3)
520 _aThe final package of enforcement measures under the Planning and Compensation Act 1991 will come into effect on 15 September. This coincides with publication of a Scottish Office circular giving guidance on the new procedure.
650 _aPLANNING AND COMPENSATION ACT 1991
650 _aSCOTTISH OFFICE CIRCULARS
690 _aPLANNING LAW AND PRACTICE
942 _n0
948 _c04/03/1997
999 _c13050
_d13050